Online
Catalog

Cuadernos de Zenobia y Juan Ramón / (Record no. 2659)

MARC details
000 -CABECERA
campo de control de longitud fija 00977cam a2200289 a 4500
001 - NÚMERO DE CONTROL
campo de control 000002825
005 - FECHA Y HORA DE LA ÚLTIMA TRANSACCIÓN
campo de control 20260521134322.0
008 - DATOS DE LONGITUD FIJA--INFORMACIÓN GENERAL
campo de control de longitud fija 881222s1993 sp b 001 mcspa
020 ## - NÚMERO INTERNACIONAL ESTÁNDAR DEL LIBRO
Número Internacional Estándar del Libro 8485978188
040 ## - FUENTE DE LA CATALOGACIÓN
Centro catalogador/agencia de origen DO-SdBNP
Lengua de catalogación spa
Centro/agencia transcriptor BNPHU
082 ## - NÚMERO DE LA CLASIFICACIÓN DECIMAL DEWEY
Número de clasificación 866.08
Número de documento/Ítem C961z
049 ## - FONDOS LOCALES (OCLC)
Fondos de biblioteca BNGR
245 00 - MENCIÓN DE TÍTULO
Título Cuadernos de Zenobia y Juan Ramón /
Mención de responsabilidad, etc. editor Arturo del Villar.
260 ## - PUBLICACIÓN, DISTRIBUCIÓN, ETC.
Lugar de publicación, distribución, etc. Madrid :
Nombre del editor, distribuidor, etc. Los Libros de Fausto,
Fecha de publicación, distribución, etc. 1993.
300 ## - DESCRIPCIÓN FÍSICA
Extensión 95 p. ;
Dimensiones 21 cm.
504 ## - NOTA DE BIBLIOGRAFÍA, ETC.
Nota de bibliografía, etc. Incluye referencias bibliográficas
650 #4 - PUNTO DE ACCESO ADICIONAL DE MATERIA--TÉRMINO DE MATERIA
Término de materia o nombre geográfico como elemento de entrada Cartas
Subdivisión general Colecciones
9 (RLIN) 8880
650 #4 - PUNTO DE ACCESO ADICIONAL DE MATERIA--TÉRMINO DE MATERIA
Término de materia o nombre geográfico como elemento de entrada Relatos
9 (RLIN) 8943
650 #0 - PUNTO DE ACCESO ADICIONAL DE MATERIA--TÉRMINO DE MATERIA
Término de materia o nombre geográfico como elemento de entrada Ensayos
9 (RLIN) 8059
600 14 - PUNTO DE ACCESO ADICIONAL DE MATERIA--NOMBRE DE PERSONA
Nombre de persona JIMÉNEZ, JUAN RAMÓN
Fechas asociadas al nombre 1881-1958.
9 (RLIN) 8944
600 14 - PUNTO DE ACCESO ADICIONAL DE MATERIA--NOMBRE DE PERSONA
Nombre de persona CAMPRUÍ DE JIMÉNEZ, ZENOBIA
Fechas asociadas al nombre 1887-1956
9 (RLIN) 8945
650 #4 - PUNTO DE ACCESO ADICIONAL DE MATERIA--TÉRMINO DE MATERIA
Término de materia o nombre geográfico como elemento de entrada Autores españoles
Subdivisión cronológica SIGLO 20
Subdivisión general Biografía
9 (RLIN) 8946
650 #4 - PUNTO DE ACCESO ADICIONAL DE MATERIA--TÉRMINO DE MATERIA
Término de materia o nombre geográfico como elemento de entrada Poesía española
9 (RLIN) 631
700 1# - PUNTO DE ACCESO ADICIONAL--NOMBRE DE PERSONA
Nombre de persona Camprubí de Jiménez, Zenobia.
9 (RLIN) 8947
700 1# - PUNTO DE ACCESO ADICIONAL--NOMBRE DE PERSONA
Nombre de persona Jiménez, Juan Ramón
Fechas asociadas al nombre 1881-1958.
9 (RLIN) 8948
700 1# - PUNTO DE ACCESO ADICIONAL--NOMBRE DE PERSONA
Nombre de persona Villar, Arturo del
Fechas asociadas al nombre 1944-
Término indicativo de función/relación ed.
9 (RLIN) 8949
Holdings
Estado de retiro Estado de pérdida Restricciones de uso No para préstamo Código de colección Localización permanente Ubicación/localización actual Ubicación en estantería Fecha de adquisición Número de inventario Total de préstamos Signatura topográfica completa Código de barras Fecha visto por última vez Precio válido a partir de Tipo de ítem Koha
    Préstamo interno   Monografías: Libros y Folletos General General En catalogación 03.07.2009 LF1   866.08 C961z 2825-10 25.06.2020 25.06.2020 Préstamo interno

Powered by Koha